| 000 | 05840 a2200541 4500 | ||
|---|---|---|---|
| 001 | 23216392 | ||
| 003 | 00000 | ||
| 005 | 20260312113529.0 | ||
| 008 | 230706t20232023paua bf 001 0 eng | ||
| 010 | _a 2023277615 | ||
| 020 | _a9781975177515 | ||
| 035 | _a23216392 | ||
| 035 | _a(OCoLC)1284287022 | ||
| 040 |
_aYDX _beng _erda _cYDX _dOKR _dOCLCO _dCDX _dIBI _dK6U _dDLC |
||
| 042 | _alccopycat | ||
| 050 | 0 | 0 | _aRT 51 .M43 |
| 082 | 0 | 4 |
_a610.73 _223 |
| 100 | _aEdited by Cromar, Keelin C. | ||
| 245 | 0 | 0 |
_aMedical-surgical nursing made incredibly easy! / _cclinical editors, Keelin C. Cromar, MSN, RN, Adjunct Faculty, Wilson School of Nursing, Midwestern State University, Wichita Falls, Texas, Casey Moebius, DNP, RN, Assistant Professor, department of Nurse Education, Del Mar College, Corpus Chrisiti, Texas. |
| 250 | _a5th ed. | ||
| 264 | 1 |
_aPhiladelphia : _bWolters Kluwer, _c2023 |
|
| 264 | 4 |
_c2023 _aPhiladelphia : _bWolters Kluwer, |
|
| 300 |
_axii, 984 pages : _billustrations (chiefly color) ; _c23 cm |
||
| 336 |
_atext _btxt _2rdacontent |
||
| 337 |
_aunmediated _bn _2rdamedia |
||
| 338 |
_avolume _bnc _2rdacarrier |
||
| 490 | 1 | _aIncredibly easy | |
| 504 | _aIncludes bibliographical references and index. | ||
| 505 | 0 | 0 |
_tMedical-surgical nursing practice / _rCasey Moebius -- _tNursing process / _rKeelin C. Cromar -- _tFluids and electrolytes / _rKathryn Toche O'Grady -- _tPerioperative care / _rMarcy A. Geary -- _tPain management / _rCarol A. Strasburger Miller -- _tNeurologic disorders / _rCharity Hacker -- _tEye disorders / _rBenita Hays Smith -- _tEar, nose, and throat disorders / _rMelody L. Skinner -- _tCardiovascular disorders / _rKeelin C. Cromar -- _tRespiratory disorders / _rKeelin C. Cromar -- _tGastrointestinal disorders / _rAbram Bustamante -- _tEndocrine disorders / _rLisa Vaira -- _tRenal and urologic disorders / _rKim Chapman -- _tReproductive system disorders / _rLisa Vaira -- _tMusculoskeletal disorders / _rRobyn Mitchell -- _tHematologic and lymphatic disorders / _rHannah M. Lopez -- _tImmunologic disorders / _rRachel Reitan -- _tSkin disorders / _rSean Kevin Skinner -- _tCancer care / _rHannah M. Lopez -- _tObesity / _rSarah Beth Wedel -- _tGerontologic care / _rLinda Earwood -- _tEnd-of-life care / _rDarla Green. |
| 520 |
_a"Feeling anxious or unsure about medical-surgical nursing care? Get grounded in the latest best practices, with the freshly updated Medical-Surgical Nursing Made Incredibly Easy!ʼ, 5th Edition. This colorful fully illustrated guide offers clear, concise descriptions of crucial medical-surgical nursing concepts and procedures, with learning aids that help you grasp skills and concepts easily, in an enjoyable Incredibly Easy style. From assessment and diagnostics to current evidence-based treatments and interventions, this is the perfect backup to class materials, helpful support for new nurses, and a handy refresher for experienced nurses. Be expertly guided into a solid foundation in medical-surgical care, with: NEW and updated statistics and guidelines on current medical-surgical nursing practice in a concise, quick-scan outline format The "need-to-know" basics, including the most common disorders medical-surgical nurses encounter Chapters address disorders by body system - neurologic, cardiovascular, respiratory, gastrointestinal, endocrine, renal and urologic, reproductive, musculoskeletal, and more Chapters offer vital foundational knowledge, with expert direction on: Essential elements of medical-surgical nursing practice and the nursing process Fluids and electrolytes, perioperative care, and pain management Diagnostic testing - CT, MRI, and PET scan imaging, x-rays, biopsies, EMGs, and more Additional chapters on cancer care, obesity, gerontologic care, and end-of-life care Current data and best practices on assessing and treating common disorders - Reviews of anatomy and physiology, step-by-step guidance on assessments and history-taking, and diagnostic testing, including patient preparation, monitoring, teaching points, and developing a plan of care Hundreds of colorful diagrams, drawings, and charts that illustrate core terms and concepts, with easy-to-retain definitions "Practice Makes Perfect" end-of-book practice exam with NCLEXʼ-style questions in current exam format Chapter features include: Memory jogger - Acronyms and other memory tricks that help you remember key concepts and treatments A closer look - Illustrations that explain anatomy, physiology, and complex pathways Education edge - Practical guidance for effective patient teaching What do I do? - Steps to take in emergency situations Stop, look, and listen - Elements of assessment for a particular body system Weighing the evidence - Evidence-based practice pointers that support nursing actions Quick quiz - End-of-chapter multiple-choice questions to help you retain chapter content, followed by answers and rationales Nurse Joy and Jake illustrated characters offer tips and insights throughout." _c--Amazon. |
||
| 650 | 0 |
_aSurgical nursing _vHandbooks, manuals, etc. |
|
| 650 | 0 |
_aNursing _vHandbooks, manuals, etc. |
|
| 650 | 1 | 2 |
_aNursing Care _xmethods |
| 650 | 2 | 2 |
_aPerioperative Nursing _xmethods |
| 650 | 6 |
_aSoins infirmiers en chirurgie _vGuides, manuels, etc. |
|
| 650 | 7 |
_aNursing. _2fast _0(OCoLC)fst01041731 |
|
| 650 | 7 |
_aSurgical nursing. _2fast _0(OCoLC)fst01139464 |
|
| 655 | 2 | _aHandbook | |
| 655 | 7 |
_aHandbooks and manuals. _2fast _0(OCoLC)fst01423877 |
|
| 655 | 7 |
_aHandbooks and manuals. _2lcgft |
|
| 655 | 7 |
_aGuides et manuels. _2rvmgf |
|
| 700 | 1 |
_aCromar, Keelin C., _eeditor. |
|
| 700 | 1 |
_aMoebius, Casey, _eeditor. |
|
| 830 | 0 | _aIncredibly easy (Philadelphia, Pa.) | |
| 906 |
_a7 _bcbc _ccopycat _d2 _encip _f20 _gy-gencatlg |
||
| 942 |
_2lcc _cBK |
||
| 999 |
_c44115 _d44115 |
||